| 000 | 01275nam a22003617a 4500 | ||
|---|---|---|---|
| 003 | CHAP | ||
| 005 | 20220329135843.0 | ||
| 008 | 971013s1976 enka r 00010 eng d | ||
| 010 | _a43337 | ||
| 011 | _a44309 | ||
| 035 | _a48447 | ||
| 040 | _cCHAP | ||
| 082 | 0 | 4 |
_a632 _bF75 |
| 100 | 0 | 0 |
_aFriend, J. _eed. _943308 |
| 245 | 1 | _aBiochemical aspects of plant-parasite relationships; proceedings of the Phytochemical Society Symposium | |
| 260 |
_aLondon : _bAcademic Press, _c1976 |
||
| 300 |
_a354 p. _b: ilus. |
||
| 490 |
_aAnnual proceedings of the Phytochemical Society _v; 13 |
||
| 590 |
_aBATCH-UPD _b10 _c20130109 _lUCH01 _h2318 |
||
| 590 |
_aBATCH-UPD _b10 _c20130110 _lUCH01 _h0150 |
||
| 590 |
_aBATCH-UPD _b10 _c20130110 _lUCH01 _h2009 |
||
| 590 |
_aBATCH-UPD _b10 _c20130409 _lUCH01 _h1840 |
||
| 590 |
_aBATCH-UPD _b10 _c20130410 _lUCH01 _h1328 |
||
| 590 |
_aBATCH-UPD _b10 _c20130914 _lUCH01 _h1414 |
||
| 590 |
_aCONVERSION _b10 _c20130109 _lUCH01 _h1324 |
||
| 650 | 1 | 4 |
_aFitopatología. _941161 |
| 650 | 1 | 4 |
_aInteracción huésped-parásito. _959512 |
| 700 | 0 |
_aThrelfall, D. R. _9112995 |
|
| 830 | 0 |
_aAnnual proceedings of the Phytochemical Society _v; 13 _95956 |
|
| 901 | _aBK | ||
| 942 | _cLIBRO | ||
| 949 |
_a632 F75 _bBC _cLIBRO _d33724000173977 _eLIBRO _h42206 _i48447 _si |
||
| 999 |
_c43337 _d43337 |
||